000 nam a22 a 4500
999 _c116635
_d116635
003 BLK
005 20221004162525.0
008 180409b bul|||||r ||||||| ||bul||
040 _aBLK
041 _aBUL
_cBUL
080 _aБългарска литература
_b821.163.2
_x-2.09(792)
_z821.163.2-2.09(792)
100 1 _aБрадистилова-Добрева, Маргарита
_eпърви автор
_9306140
139 _aБрадистилова-Добрева, Маргарита
_bБ 75
245 1 0 _aБългарската историческа драматургия през Възраждането
_cМаргарита Брадистилова-Добрева.
257 _aBGR
260 _aСофия
_bНаука и изкуство
_c1975
300 _a224 с.
_c20 см
380 _a7
500 _aБиблиогр. с. 213-221.
650 4 _aДрама - България
_9314818
653 _aдрама
653 _aБългария
653 _aВъзраждане
852 _aЦб 77772
_bЦб
942 _cKNG
_n0
_s1
944 _aCR
_c19.03.2011
_lдобави в АБ / 18.03.2011
_kДиана_Димитрова
944 _aED
_c2022-10-04
_kСТ
999 _d116635